000 00212 a2200109 4500
020 _a9781442194824
041 _aspa
100 _aKadir Nelson
245 _aPor Favor Bebe por Favor
942 _cBK
952 _71
999 _c24212
_d24212